famous people from the Nordic countries #5 - Statistics

General Stats
  • This quiz has been taken 7 times
  • The average score is 3 of 16
Answer Stats
Picture Answer % Correct
Mika Häkkinen
71%
Armand Duplantis
57%
Anders Behring Breivik
29%
Anita Ekberg
29%
Edvard Munch
29%
Kevin Magnussen
29%
Knut Hamsun
14%
Alva Myrdal
0%
Annika Sörenstam
0%
Bridget of Sweden
0%
Hans Christian Ørsted
0%
Harald V
0%
Jussi Björling
0%
Lasse Hallström
0%
Linus Torvalds
0%
Ronnie Peterson
0%
No matching quizzes found
Score Distribution
Percent of People with Each Score
Percentile by Number Answered
Your Score History
You have not taken this quiz